000 00577nam a2200193Ii 4500
003 JO-AjNU
008 230605s9999||||xx |||||||||||||| ||und||
040 _aJO-AjNU
_bara
_erda
_cJO-AjNU
041 _aara
050 1 4 _aTX725.D64
100 3 _aابراهيم، دولت تادرس,
_eauthor
_920217
245 0 0 _aماكولات شهية
264 3 1 _aمصر:المركز العربي الحديث، د.ت
300 _a430ص
336 _atext
_btxt
_2rdacontent
337 _aunmediated
_bn
_2rdamedia
338 _avolume
_bnc
_2rdacarrier
650 4 _aالطهي
_920218
999 _aA6813
_c10381
_d10381